ARRUPE JESUIT UNIVERSITY

CORONAVIRUS -STOP THE SPREAD - CLEAN,DISINFECT,COVER
Normal view MARC view

Entry Meeting Name

Number of records used in: 1

001 - CONTROL NUMBER

  • control field: 16526

003 - CONTROL NUMBER IDENTIFIER

  • control field: ARRUPE

005 - DATE AND TIME OF LATEST TRANSACTION

  • control field: 20150325170434.0

008 - FIXED-LENGTH DATA ELEMENTS

  • fixed length control field: 150325|| aca||aabn | a|a d

040 ## - CATALOGING SOURCE

  • Original cataloging agency: ARRUPE
  • Transcribing agency: ARRUPE

111 ## - HEADING--MEETING NAME

  • Meeting name or jurisdiction name as entry element: Max Richter Conversation on the History of Judaism
  • Number of part/section/meeting: (5th :
  • Date of meeting: 1980 :
  • Location of meeting: Providence, R.I.)

670 ## - SOURCE DATA FOUND

  • Source citation: Work cat.: (ARRUPE)0: Bokser, Baruch M. 16525, History of Judaism, the next ten years /, c1980.

 

Arrupe Library. PO Box MP320 Mt Pleasant, Harare, Zimbabwe
263 242 745411|librarian@aju.ac.zw